LEADER 03741nam 22008173 450 001 996472058203316 005 20211130080204.0 010 $a1-64469-700-9 010 $a1-64469-699-1 024 7 $a10.1515/9781644696996 035 $a(MiAaPQ)EBC6817929 035 $a(Au-PeEL)EBL6817929 035 $a(CKB)19934886000041 035 $a(OCoLC)1261774514 035 $a(DE-B1597)591072 035 $a(DE-B1597)9781644696996 035 $a(EXLCZ)9919934886000041 100 $a20211130d2021 uy 0 101 0 $aeng 135 $aurcnu|||||||| 181 $ctxt$2rdacontent 182 $cc$2rdamedia 183 $acr$2rdacarrier 200 10$aGoncharov in the Twenty-First Century 210 1$aBoston, MA :$cAcademic Studies Press,$d2021. 210 4$d©2021. 215 $a1 online resource (264 pages) 225 1 $aStudies in Russian and Slavic Literatures, Cultures, and History Ser. 311 08$aPrint version: Kleespies, Ingrid Goncharov in the Twenty-First Century Boston, MA : Academic Studies Press,c2021 9781644696989 327 $tFrontmatter -- $tContents -- $tContributors -- $tNote on Transliteration and Translation -- $tAcknowledgements -- $tIntroduction -- $tPart One. The Life of Service -- $tWriter and Chinovnik: -- $tWriter or Censor: -- $tPart Two. The Challenges of Philosophy -- $t?Oblomovskii Platon?: -- $tHegel?s Philosophy of History as the Unifying Thread of Goncharov?s Trilogy -- $tLonging, Replacement, and Anti-Economy in Oblomov -- $tPart Three. The Challenges of Realism: Traditions and Transgressions -- $t?Shadows, Dead People, and Specters?: -- $tThe Queer Nihilist?Queer Time, Social Refusal, and Heteronormativity in Goncharov?s The Precipice -- $tPart Four. Author and Imperialist Abroad: Frigate Pallada -- $t?I Avoided the Factual Side . . .?: -- $tA Russian Observer Catches the London Eye: -- $tWho are You Laughing at? Identity, Laughter, and Colonial Discourse in Frigate Pallada -- $tWorks Cited -- $tIndex -- $tAbout the Editors 330 $aGoncharov in theTwenty-First Century brings Ivan Goncharov's work into atwenty-first-century critical framework, engaging with approachesfrom post-colonial and queer studies, theories of genre andthe novel, desire, laughter, technology, philosophy, and mobility andtravel. 410 0$aStudies in Russian and Slavic Literatures, Cultures, and History Ser. 606 $aAuthors as employees$zRussia 606 $aCensorship$zRussia 606 $aRussian prose literature$y19th century$xHistory and criticism 606 $aLITERARY CRITICISM / Russian & Former Soviet Union$2bisacsh 608 $aElectronic books. 610 $aA Common Story. 610 $aDerrida. 610 $aFrigate Pallada. 610 $aGoncharov. 610 $aHegel. 610 $aOblomov. 610 $aObyknovennaia istoriia. 610 $aPlato. 610 $aRussian literature. 610 $aSchopenhauer. 610 $aThe Precipice. 610 $acensorship. 610 $acivil service. 610 $adesire. 610 $agothic. 610 $alaughter. 610 $amodernity. 610 $aqueer studies. 610 $arealism. 610 $atravelogue. 615 0$aAuthors as employees 615 0$aCensorship 615 0$aRussian prose literature$xHistory and criticism. 615 7$aLITERARY CRITICISM / Russian & Former Soviet Union. 676 $a891.733 700 $aKleespies$b Ingrid$01224641 701 $aParts$b Lyudmila$01146119 801 0$bMiAaPQ 801 1$bMiAaPQ 801 2$bMiAaPQ 906 $aBOOK 912 $a996472058203316 996 $aGoncharov in the Twenty-First Century$92843358 997 $aUNISA LEADER 03055nas 2200817-a 450 001 996207122203316 005 20231101153731.0 011 $a1874-6365 035 $a(OCoLC)61124239 035 $a(CKB)991042733820088 035 $a(CONSER)--2019207111 035 $a(DE-599)ZDB2265195-0 035 $a(EXLCZ)99991042733820088 100 $a20050722a20009999 s-- a 101 0 $aeng 135 $aurun||||||||| 181 $ctxt$2rdacontent 182 $cc$2rdamedia 183 $acr$2rdacarrier 200 10$aJournal of international migration and integration 210 $aEdmonton $cPrairie Centre of Excellence for Research on Immigration and Integration 210 3 $aDordrecht $cSpringer 300 $aRefereed/Peer-reviewed 311 $a1488-3473 517 1 $aJIMI 517 1 $aRIMI 531 $aJOURNAL OF INTERNATIONAL MIGRATION & INTEGRATION 606 $aEmigration and immigration$vPeriodicals 606 $aEmigration and immigration$xGovernment policy$vPeriodicals 606 $aImmigrants$xCultural assimilation$vPeriodicals 606 $aÉmigration et immigration$vPériodiques 606 $aÉmigration et immigration$xPolitique gouvernementale$vPériodiques 606 $aImmigrants$vIntégration$vPériodiques 606 $aEmigration and immigration$2fast$3(OCoLC)fst00908690 606 $aEmigration and immigration$xGovernment policy$2fast$3(OCoLC)fst00908700 606 $aImmigrants$xCultural assimilation$2fast$3(OCoLC)fst00967721 606 $aInternationale Politik$2gnd 606 $aMigration$2gnd 606 $aEinwanderungspolitik$2gnd 606 $aImmigratie$2gtt 606 $aIntegratie$2gtt 606 $aOverheidsbeleid$2gtt 607 $aCanada$xEmigration and immigration$vPeriodicals 607 $aCanada$xEmigration and immigration$xGovernment policy$vPeriodicals 607 $aCanada$xÉmigration et immigration$vPériodiques 607 $aCanada$xÉmigration et immigration$xPolitique gouvernementale$vPériodiques 607 $aCanada$2fast 608 $aPeriodicals.$2fast 608 $aPeriodicals.$2lcgft 615 0$aEmigration and immigration 615 0$aEmigration and immigration$xGovernment policy 615 0$aImmigrants$xCultural assimilation 615 6$aÉmigration et immigration 615 6$aÉmigration et immigration$xPolitique gouvernementale 615 6$aImmigrants 615 7$aEmigration and immigration. 615 7$aEmigration and immigration$xGovernment policy. 615 7$aImmigrants$xCultural assimilation. 615 7$aInternationale Politik 615 7$aMigration 615 7$aEinwanderungspolitik 615 17$aImmigratie. 615 17$aIntegratie. 615 17$aOverheidsbeleid. 676 $a325/.1/05 712 02$aPrairie Centre of Excellence for Research on Immigration and Integration, 712 02$aMetropolis Project, 906 $aJOURNAL 912 $a996207122203316 996 $aJournal of international migration and integration$91931232 997 $aUNISA